| 000 | 00620nam a2200193 a 4500 | ||
|---|---|---|---|
| 001 | 000035188 | ||
| 005 | 20200930074150.0 | ||
| 008 | 111025s1975 mx 000 0 spa d | ||
| 040 |
_aDO-SdBNP _bspa _cBNPHU |
||
| 082 |
_axxxx _bS617c |
||
| 100 | 1 |
_aSinger, Erwin _960920 |
|
| 240 | 1 | 0 |
_aKey concepts in psychotherapy _lEspañol |
| 245 | 1 | 0 |
_aConceptos fundamentales de la psicoterapia. / _cErwin Singer ; Manuel de Escalera. |
| 260 |
_aMéxico : _bFondo de Cultura Económica, _c1975. |
||
| 300 |
_a354 p ; _c21 cm. |
||
| 500 | _aTrducido del inglés | ||
| 700 | 1 |
_aEscalera, Manuel de la, _etr. _948955 |
|
| 049 | _aBNGR | ||
| 999 |
_c34679 _d34679 |
||